LIBRARY ONLINE CATALOGUE

The Transforming vision : (Record no. 7072)

MARC details
000 -LEADER
fixed length control field 00750nam a22002292 4500
001 - CONTROL NUMBER
control field 0000005783
005 - DATE AND TIME OF LATEST TRANSACTION
control field 20151217152006.0
008 - FIXED-LENGTH DATA ELEMENTS--GENERAL INFORMATION
fixed length control field 070717s xx 000 0 eng d
020 ## - INTERNATIONAL STANDARD BOOK NUMBER
International Standard Book Number 0877849730 :
Terms of availability KES 290
040 ## - CATALOGING SOURCE
Original cataloging agency KABU
Transcribing agency KABU
050 #0 - LIBRARY OF CONGRESS CALL NUMBER
Classification number BR100
Item number .W35
100 1# - MAIN ENTRY--PERSONAL NAME
Personal name Walsh, Brian J.
-- 0000157000
245 14 - TITLE STATEMENT
Title The Transforming vision :
Remainder of title shaping a Christian world view /
Statement of responsibility, etc. Brian J. Walsh and J. Richard Middleton.
260 ## - PUBLICATION, DISTRIBUTION, ETC. (IMPRINT)
Place of publication, distribution, etc. Illinois :
Name of publisher, distributor, etc. Inter Varsity Press,
Date of publication, distribution, etc. 1984.
300 ## - PHYSICAL DESCRIPTION
Extent 214 p.
650 #0 - SUBJECT ADDED ENTRY--TOPICAL TERM
Topical term or geographic name as entry element Christianity
General subdivision Philosophy.
-- 0000157001
650 #0 - SUBJECT ADDED ENTRY--TOPICAL TERM
Topical term or geographic name as entry element Christianity and culture.
-- 0000148811
700 1# - ADDED ENTRY--PERSONAL NAME
Personal name Middleton, J. Richard.
-- 0000157002
908 ## - PUT COMMAND PARAMETER (RLIN)
Put command parameter 070717
950 ## - LOCAL HOLDINGS (RLIN)
-- 1
Holdings
Withdrawn status Lost status Source of classification or shelving scheme Not for loan Home library Current library Date acquired Total Checkouts Full call number Barcode Date last seen Price effective from Koha item type
    Library of Congress Classification   Kabarak, Main Campus Kabarak, Main Campus 17/12/2015   BR100 .W35 000689 02/08/2024 17/12/2015 General Collection